| 000 | 00845cam a2200253 a 4500 | ||
|---|---|---|---|
| 001 | 990169521910107026 | ||
| 005 | 20240228151551.0 | ||
| 008 | 240228s2008 enk 000 0 eng d | ||
| 020 |
_a9781847037947 (pbk.) : _c£25.30 |
||
| 020 |
_a1847037941 (pbk.) : _c£25.30 |
||
| 035 | _a(UkOxU)016952191 | ||
| 035 | _a(UkLCURL)704239415 | ||
| 038 | _aUkLCURL | ||
| 040 |
_aUK-WkNB _beng _cUK-WkNB |
||
| 245 | 0 | 0 |
_aPre-construction services agreement : _b(general contractor) : PCSA. |
| 246 | 1 | 7 | _aPCSA |
| 260 |
_aLondon : _bSweet & Maxwell, _c2008. |
||
| 300 |
_aii, 29 p. : _bforms ; _c30 cm. |
||
| 490 | _aJCT Contracts 2008 | ||
| 500 | _aTitle from cover. | ||
| 610 | 2 | 0 |
_aJoint Contracts Tribunal. _tPre-Construction Services Agreement. 2008. |
| 650 | 0 |
_aConstruction contracts _zGreat Britain. |
|
| 710 | 2 | _aJoint Contracts Tribunal. | |
| 999 |
_c121809 _d121809 |
||